Növekvő haltenyésztés Benépesedtek a nagy tavak

Elmentve itt :
Bibliográfiai részletek
Dokumentumtípus: Cikk
Megjelent: 1976-03-27
Sorozat:Délmagyarország 66 No. 74
Kulcsszavak:Fehértó
Online Access:http://dmarchiv.bibl.u-szeged.hu/108139
LEADER 00421nab a2200145 i 4500
001 delm108139
005 20190506124904.0
008 190506s1976 hu o 0|| hun d
040 |a SZTE Délmagyarország Archívum  |b hun 
041 |a hun 
245 0 0 |a Növekvő haltenyésztés   |h [elektronikus dokumentum] :  |b Benépesedtek a nagy tavak 
260 |c 1976-03-27 
300 |a 5 
490 0 |a Délmagyarország  |v 66 No. 74 
695 |a Fehértó